| 000 | 01486nam0a22003491 4500 | ||
|---|---|---|---|
| 001 | rc\1081097 | ||
| 005 | 20250622140614.0 | ||
| 021 |
_aRU _bРг 13084-84 |
||
| 021 |
_aRU _b84-51149 |
||
| 035 | _a(NLR Aleph) 006329463 | ||
| 090 |
_a7529760 _c7529760 |
||
| 100 | _a20041126d1984 |||y0rusy50 ca | ||
| 101 | 0 | _arus | |
| 102 | _aRU | ||
| 105 | _ay j|||||||| | ||
| 200 | 1 |
_aСоветская многонациональная школа в условиях развитого социализма _f[М.Н. Колмакова, Р.А. Курбатова, Ю.Ю. Иванов и др. _gсоставитель Т.А. Муравьева] _gпод редакцией Ф.Г. Паначина |
|
| 210 |
_aМосква _cПедагогика _d1984 |
||
| 215 |
_a248 с. _d21 |
||
| 606 | 1 |
_aПедагогика _jСборники _9921924 _3RU\NLR\AUTH\6619222 |
|
| 606 | 1 |
_aШкола _jСборники _yСССР _91261366 _3RU\NLR\AUTH\66200387 |
|
| 686 | 1 | _aч30я43 | |
| 701 | 1 |
_aКолмакова _bМ. Н. _gМария Никифоровна |
|
| 701 | 1 |
_aКурбатова _bР. А. _gРоза Алексеевна |
|
| 701 | 1 |
_aИванов _bЮ. Ю. _gЮрий Юрьевич |
|
| 702 | 1 |
_aМуравьева _bТ.А. _gТатьяна Алексеевна _4220 |
|
| 702 | 1 |
_aПаначин _bФ. Г. _gФедор Григорьевич _4340 |
|
| 801 | 0 |
_aRU _bNLR _gpsbo |
|
| 801 | 1 |
_aRU _bELAR _2rusmarc |
|
| 852 |
_aNLR _j84-3/11101 |
||
| 942 | _cBOOK | ||
| 980 | _aNB | ||